000 00682cam a22002533a 4500
001 31516
003 PGUSA
005 20140828083700.0
008 100306s2010||||xxu|||||s|||||000 1 eng d
040 _aPGUSA
_beng
042 _adc
050 4 _aPS
100 1 _aDick, Philip K.,
_d1928-1982
245 1 4 _aThe Eyes Have It
_h[electronic resource] /
_cPhilip K. Dick
260 _bProject Gutenberg,
_c2010
506 _aPublic domain in the USA.
516 _aElectronic text
653 _aScience fiction
653 _aShort stories
653 _aHumorous stories
830 0 _aProject Gutenberg
_v31516
856 4 0 _uhttp://www.gutenberg.org/ebooks/31516
942 _cEB
999 _c260771
_d260771